| 000 | 00000nam 2200000zi 4500 |
| 001 | 9.922125 |
| 003 | CaOODSP |
| 005 | 20230501145709 |
| 006 | m o d f |
| 007 | cr |n||||||||| |
| 008 | 230501s1990 onc o f000 0 fre d |
| 040 | |aCaOODSP|bfre|erda|cCaOODSP |
| 043 | |an-cn--- |
| 086 | 1 |aRG31-68/1990F-PDF |
| 245 | 00|aFaisons équipe pour un marché dynamique : |bconsommateurs, entreprises, gouvernements : Semaine nationale des consommateurs : le manuel de l'organisateur (un abrégé de conseils pratiques, d'idées sur la publicité et la planification à ajouter à votre propre ingéniosité et créativité). |
| 264 | 1|a[Ottawa] : |bConsommation et corporations Canada = Consumer and Corporate Affairs Canada, |c[1990] |
| 300 | |a1 ressource en ligne (29 pages) |
| 336 | |atexte|btxt|2rdacontent/fre |
| 337 | |ainformatique|bc|2rdamedia/fre |
| 338 | |aressource en ligne|bcr|2rdacarrier/fre |
| 500 | |aÉdition numérisée de l'imprimé [par Innovation, Sciences et Développement économique Canada]. |
| 500 | |aPublié aussi en anglais sous le titre : Consumers, business, government : team up for a stronger marketplace : National Consumer Week : organizers' manual (a compendium of helpful hints, ideas on publicity and planning to supplement your own ingenuity and creativity). |
| 650 | 6|aConsommateurs|zCanada. |
| 710 | 1 |aCanada. |bConsommation et corporations Canada, |eorganisme de publication. |
| 775 | 08|tConsumers, business, government : |w(CaOODSP)9.892774 |
| 856 | 40|qPDF|s405 Ko|uhttps://publications.gc.ca/collections/collection_2023/isde-ised/RG31-68-1990-fra.pdf |